000 00621nam a2200193Ia 4500
001 17732
003 GE_BSU
008 181216s||||||||xx |||||||||||||| ||und||
040 _cGE_BSU
080 _a621(035)
245 _aТехнологический справочник. Том 1.
245 _cПод общ. ред. С.Г.Герасимова, Я.А.Кагана, П.Л.Лебедева. Ред. И.И.Айзенштат.
260 _aМ.
260 _bГосэнергоиздат.
260 _c1957.
300 _a728 стр.
653 _aТехнологический справочник.
942 _cBK
999 _c50780
_d50780